40 ans de succès (Record no. 169971)

MARC details
000 -LEADER
campo de control de longitud fija 00918nam a2200265 i 4500
001 - NÚMERO DE CONTROL
campo de control 169971
003 - IDENTIFICADOR DE NÚMERO DE CONTROL
campo de control ES-MaACL
005 - FECHA Y HORA DE LA ÚLTIMA TRANSACCIÓN
campo de control 20250708022730.0
008 - DATOS DE LONGITUD FIJA--INFORMACIÓN GENERAL
campo de control de longitud fija 090102s1991 fr |||| | fre d
080 ## - NÚMERO DE LA CLASIFICACIÓN DECIMAL UNIVERSAL
Número de la Clasificación Decimal Universal 78(44)"19"
245 00 - MENCIÓN DEL TÍTULO
Título 40 ans de succès
Resto del título : 1900-1940 : collection de 110 succès.
246 30 - FORMA VARIANTE DEL TITULO
Título propio/Titulo breve Collection de 110 succès
260 ## - PUBLICACIÓN, DISTRIBUCIÓN, ETC.
Lugar de publicación, distribución, etc. Paris :
Nombre del editor, distribuidor, etc. Paul Beuscher,
Fecha de publicación, distribución, etc. [1991?]
300 ## - DESCRIPCIÓN FÍSICA
Extensión 229 p. :
Otras características físicas mús. ;
Dimensiones 27 cm.
490 1# - MENCIÓN DE SERIE
Mención de serie Collection 110 succès de 1900 a 1990 ;
Designación de volumen o secuencia 1
500 ## - NOTA GENERAL
Nota general Contiene música impresa.
500 ## - NOTA GENERAL
Nota general Índices.
596 ## - NOTA AL PIE DE IMPRENTA
NOTA AL PIE DE IMPRENTA En cub.: Editions et Instruments.
650 #4 - PUNTO DE ACCESO ADICIONAL DE MATERIA--TÉRMINO DE MATERIA
Término de materia o nombre geográfico como elemento de entrada Música-
Subdivisión geográfica Francia.
9 (RLIN) 15390
650 04 - PUNTO DE ACCESO ADICIONAL DE MATERIA--TÉRMINO DE MATERIA
Término de materia o nombre geográfico como elemento de entrada Canciones-
Subdivisión de forma Partituras.
9 (RLIN) 10721
650 04 - PUNTO DE ACCESO ADICIONAL DE MATERIA--TÉRMINO DE MATERIA
Término de materia o nombre geográfico como elemento de entrada Canciones francesas-
Subdivisión cronológica S.XX
9 (RLIN) 10729
830 0# - PUNTO DE ACCESO ADICIONAL DE SERIE-TÍTULO UNIFORME
Título uniforme Collection 110 succès de 1900 a 1990 ;
Designación de volumen o secuencia 1
9 (RLIN) 188913
852 4# - LOCALIZACIÓN
Ubicación ES-MaACL
Número de control de estantería E-12380
Nota libre . - Biblioteca Jacinto Martínez Lacalle
Holdings
Estatus retirado Estado de pérdida Estado de daño No para préstamo Biblioteca de origen Biblioteca actual Ubicación en estantería Fecha de adquisición Fuente de adquisición Total de préstamos Signatura topográfica completa Código de barras Visto por última vez Precio de reemplazo Tipo de ítem Koha
        Biblioteca del Ateneo de Madrid Biblioteca del Ateneo de Madrid Depósito 2 02/01/2009     E-12380 1178452 23/02/2023 23/02/2023 Libro impreso